000 00741nam a2200181 a 4500
008 120416s1991 ||||||||||||||||| || u
020 _a0273033379
050 _aHD 30.28 Cla
100 _aClarke-Hill, Colin
245 1 0 _aCases in strategic management
260 _aLondon
_bPitman Publishing
_c1991
300 _axvii, 382p. : ill.
350 _a0.00
650 0 _aMANAGEMENT
650 _aSTRATEGIC MANAGEMENT
995 _aMAIN LIBRARY OPEN ACCESS
_D0.00
_e723523
_FCBU-MAIN LIBRARY (Kitwe)
_H1
_I17.99
_jHD 30.28 Cla
_M1
_UAVAILABLE
_y003090
_ZMain Library Open Access Collection
995 _aMAIN LIBRARY OPEN ACCESS
_D0.00
_e723524
_FCBU-MAIN LIBRARY (Kitwe)
_H2
_I17.99
_jHD 30.28 Cla
_M2
_UAVAILABLE
_y003091
_ZMain Library Open Access Collection
999 _c78080
_d78080